Kluby w Serie A 2024/2025 - nagła śmierć - Statystyki

Ogólne statystyki
  • Ten quiz został rozwiązany 101 razy
  • Średni wynik to 11 z 20
Answers on the Grid
Answers color-coded by a green-red scale on the quiz's grid according to % correct below.
Genoa
Bari
Cagliari
Spezia
Sassuolo Calcio
Monza
Como
Milan
Juve Stabia
Pisa
Parma
Cremonese
Fiorentina
Lecce
Lazio
Venezia
Modena
Brescia
Juventus
Empoli
Roma
Cittadella
Inter Mediolan
Napoli
Frosinone
Torino
Atalanta
Udinese
Hellas Verona
Bologna
 
Statystyki odpowiedzi
Odpowiedź % Poprawnych
Genoa
91%
Cagliari
70%
Juventus
65%
Milan
65%
Bologna
61%
Fiorentina
61%
Inter Mediolan
61%
Lazio
61%
Napoli
61%
Roma
61%
Monza
57%
Udinese
57%
Atalanta
52%
Como
48%
Torino
48%
Hellas Verona
43%
Empoli
39%
Parma
39%
Lecce
35%
Venezia
35%
Nie znaleziono quizów pasujących do podanych kryteriów
Rozkład punktacji
Procent ludzi z każdym wynikiem
Percentyl według liczby udzielonych odpowiedzi
Twoja historia wyników
Nie rozwiązałeś tego quizu